000 00604nam a2200229Ia 4500
003 OSt
005 20221006164302.0
006 a|||||r|||| 00| 0
007 ta
008 221006b |||||||| |||| 00| 0 hin d
024 _a4,858
037 _cTextual
040 _aFML
_cFML
_bhin
041 _2hin
_ahin
082 _aQ2:22, 15J2
100 _aTondon Yashpal Au.
_9677042
245 0 _aPuran Vishay Samanukramanika
260 _aHoshiyarpur
_bV. V. R. I. India
_c1952
300 _a54
_ccm.
942 _hQ2:22, 15J2
_cTEXL
_2CC
999 _c1116734
_d1116734